Score 0/14 Timer 02:00
2 Plays Today
Song Missing Word % Correct
_____ the Red-Nosed ReindeerRudolph
94%
Courtesy of the Red, White and _____Blue
92.5%
The _____ in RedLady
82.2%
_____ are Red (My Love)Roses
80.9%
99 Red _____Balloons
78.2%
Red _____ HeelsHigh
76.9%
Snoopy vs. the Red _____Baron
76.4%
Song Missing Word % Correct
Red Red _____Wine
75.7%
Little Red _____Corvette
70.7%
_____ Gonna Stop (The Red Red Kroovy)Never
56.3%
Red Dirt _____Road
46.9%
Red _____ SpecialLight
41.4%
Red Hill Mining _____Town
37.5%
Red _____ StrangerHeaded
32%

Today's Daily Dose

Quick Pick
Colorful Movies

Get the Picture
Dog Breeds II

Remove Ads.
Support Sporcle.
Get the best of Sporcle when you Go Orange. This ad-free experience offers more features, more stats, and more fun while also helping to support Sporcle. Thank you for becoming a member.

You're not logged in!

Compare scores with friends on all Sporcle quizzes.
OR
Log In

Show Comments

Extras

Top Quizzes Today


Score Distribution

Your Account Isn't Verified!

In order to create a playlist on Sporcle, you need to verify the email address you used during registration. Go to your Sporcle Settings to finish the process.

Report this User

Report this user for behavior that violates our Community Guidelines.

Details: